Topics-aids : a guide to instructional resources for general chemistry /

Bibliographic Details
Main Author: O'Connor, Rod, 1934-
Corporate Authors: American Chemical Society, Texas A & M University
Format: Book
Language:English
Published: [Place of publication not identified] : [publisher not identified], 1975.
Edition:[3rd ed.].
Subjects:

MARC

Tag First Indicator Second Indicator Subfields
LEADER 00000cam a2200000 a 4500
001 in00000089574
005 20151008065421.0
008 760514s1975 xx bc 00010 eng d
035 |a (OCoLC)02177766 
035 |9 AAK5913AM 
040 |a IPL  |c IPL  |d m.c.  |d TXA  |d UtOrBLW 
049 |a TXAM  |c [1655332] 
090 |a QD40  |b .O4 1975 
100 1 |a O'Connor, Rod,  |d 1934- 
245 1 0 |a Topics-aids :  |b a guide to instructional resources for general chemistry /  |c Rod O'Connor ; contributors Leonard E. Mohrmann ... [and others]. 
250 |a [3rd ed.]. 
264 1 |a [Place of publication not identified] :  |b [publisher not identified],  |c 1975. 
300 |a vii, 199 pages ;  |c 23 cm. 
336 |a text  |b txt  |2 rdacontent 
337 |a unmediated  |b n  |2 rdamedia 
338 |a volume  |b nc  |2 rdacarrier 
500 |a "A project of the American Chemical Society and Texas A & M University" --title page. 
650 0 |a Chemistry  |x Study and teaching. 
650 0 |a Teaching  |x Aids and devices. 
650 0 |a Chemistry  |x Audio-visual aids. 
710 2 |a American Chemical Society. 
710 2 |a Texas A & M University. 
999 |a MARS 
999 f f |s f24f27f2-f2c2-332b-a7bd-ef83ed60e4bd  |i 68e5c369-e248-3019-891c-ea0e5e70a235  |t 0 
952 f f |p ric  |a Texas A&M University  |b Rellis Campus  |c Joint Library Facility  |d Remote Storage  |t 0  |e QD40 .O4 1975  |h Library of Congress classification  |i unmediated -- volume  |m A14806210464 
998 f f |a QD40 .O4 1975  |t 0  |l Remote Storage